| 000 | 01660nam0a2200385 4500 | ||
|---|---|---|---|
| 001 | RU\NLR\BIBL_A\022611138 | ||
| 005 | 20251226122202.0 | ||
| 010 |
_a978-5--04-205755-7 _92000 |
||
| 021 |
_aRU _bКН-П-25-040146 _9КН-П-25-3911 |
||
| 035 | _a(NLR Aleph) 022611138 | ||
| 090 |
_a13509381 _c13509381 |
||
| 100 | _a20250827d2025 u y0rusy50 ca | ||
| 101 | 1 |
_arus _ceng |
|
| 102 | _aRU | ||
| 105 | _ay z 000yb | ||
| 181 | 0 |
_ai4 _baxxe |
|
| 182 | 0 | _an | |
| 200 | 1 |
_aХроники DOOM _eподлинная история главного анонима рэп-сцены _fС. Х. Фернандо Дж. _gперевод с английского М. Ивина |
|
| 203 |
_aТекст _bвизуальный _cнепосредственный |
||
| 210 |
_aМосква _cЭксмо, Бомбора _d2025 |
||
| 215 |
_a382 с. _d22 |
||
| 225 | 1 |
_aРайоны и стадионы _eглавные книги о хип-хопе и рэп-музыке |
|
| 300 | _aВ вып. дан. и макете загл.: Хроники FM DOOM | ||
| 320 | _aБиблиогр.: с. 378-382 и в подстроч. примеч. | ||
| 320 | _aДискогр. DOOM'а: с. 371-377 | ||
| 333 | _a18+ | ||
| 517 | 1 | _aХроники FM DOOM | |
| 600 | 0 |
_aMF DOOM _f1971 - 2020 _92692099 _3RU\NLR\AUTH\6601764578 |
|
| 686 | 1 | _aЩ364.13(7США)6-83 MF DOOM | |
| 700 | 1 |
_7ca _8rus _aФернандо Дж. _bС. Х. _cмладший _92684243 _3RU\NLR\AUTH\770286133 |
|
| 702 | 0 |
_4280 _7ba _8eng _aMF DOOM _cпсевдоним _f1971-2020 _92684245 _3RU\NLR\AUTH\770286135 |
|
| 942 | _cBOOK | ||
| 980 | _aNB | ||